000
00296nam a22001337a 4500
003
SGT
020
_a
978-93-48734-50-1
082
_a
658
_b
WAD
100
_a
WADHER, KAMLESH
245
_a
ENTERPRENURSHIP MANAGEMENT
260
_a
INIDA
_b
PHARAMED PUB.
_c
2025
300
_a
181
942
_2
ddc
_c
BK
999
_c
32431
_d
32431